000 00730nam a22002057a 4500
003 UA-OsUOA
001 49973
007 ta
008 20071016b un ||||| |||| 00| 0 ukr d
090 _a34
_bП-11
942 _cSA
040 _aUA-OsUOA
_bukr
_cUA-OsUOA
_dUA-OsUOA
245 _aПро призначення позачергових виборів Кіровського селищного голови (Краснолиманський район Донецької області). (Ст.400). Постанова ВРУ від 17 травня 2007 року №1044-V.
300 _aС.1046
955 _a0
041 _aukr
080 _a34
773 0 _w49968
650 7 _a34 Право. Юриспруденція
_2UDC
999 _c336070
_d336070